000 00499nam a22001817a 4500
003 NUST
005 20220725174944.0
008 220725b ||||| |||| 00| 0 eng d
020 _a9781107620698
038 _aAzhar
082 _a428.24076
_bCUL
100 _aPauline Cullen
_995039
245 _aThe Official Cambridge Guide to IELTS for academic and general training
_cPauline Cullen
260 _aUSA
_bCambridge University Press
_c2014
300 _a402p
563 _aPB
942 _2ddc
_cLC
999 _c590603
_d590603